Countries with Most Autonomous Areas - Statistics

General Stats
  • This quiz has been taken 43 times
  • The average score is 13 of 17
Answer Stats
Number of
Autonomous
Areas
Country Hint % Correct
2 United States Northern Mariana Islands
100%
7 China Macau
98%
2 Denmark Faroe Islands
98%
11 United Kingdom Isle of Man
98%
11 France Saint Barthelemy
95%
2 Portugal Madeira
95%
26 Russia Sakha Republic
93%
3 Netherlands Aruba
90%
3 New Zealand Tokelau
90%
8 Italy Aosta Valley
83%
4 Indonesia Aceh
80%
2 Germany Heligoland
65%
2 Moldova Gagauzia
45%
3 Georgia Adjara
40%
6 Myanmar Danu Self-Administered Zone
40%
2 Nicaragua Atlantico Norte
28%
5 Panama Embera-Wounaan
28%
No matching quizzes found
Score Distribution
Percent of People with Each Score
Percentile by Number Answered
Your Score History
You have not taken this quiz